Kur'an ışığında aracılık ve şirk (Kayıt no. 419)

MARC ayrıntıları
000 -BAŞLIK
Sabit Uzunlukta Kontrol Alanı 00769na a2200265 4500
001 - KONTROL NUMARASI
Denetim Alanı 12893
003 - KONTROL NUMARASI IDENTIFIER
Denetim Alanı MIRAKIL
005 - SON İŞLEM TARİHİ VE ZAMANI
Denetim Alanı 20181213154748.0
008 - SABİT-BOY VERİ ELEMANLARI - GENEL BİLGİLER
Sabit Uzunlukta Kontrol Alanı 160817b tu 000 0
020 ## - ULUSLARARASI STANDART KİTAP NUMARASI
Uluslararası Standart Kitap Numarası 786058938700
035 ## - SİSTEM KONTROL NUMARASI
Sistem Kontrol Numarası 12893
040 ## - KATALOGLAMA KAYNAK
Orijinal Kataloglama Ajansı Milas
Kataloglama Dili tur
Metne Dönüştürmek Ajansı TR-AnCHP
082 ## - DEWEY ONLU SINIFLANDIRMA NUMARASI
Sınıflandırma Numarası 297.211
Ürün Numarası B29k 2012
090 ## - SINIFLAMA NUMARASI
Sınıflama Numarası 297.211 B29k 2012
100 ## - ANA GİRİŞ - KİŞİSEL İSİM
Kişisel Ad Bayındır, Abdulaziz
245 ## - BAŞLIK TABLOSU
Başlık Kur'an ışığında aracılık ve şirk
Sorumluluk Tablosu, Vb Abdulaziz Bayındır
250 ## - EDITION TABLOSU
Baskı Beyanı 4.bs.
260 ## - YAYIN, DAĞITIM, VB
Yayın, Dağıtım, Vb Yeri İstanbul
Yayıncı, Dağıtıcı, Vs Adı Süleymaniye Vakfı Yayınları
Yayın, Dağıtım, Vb Tarihi 2012
300 ## - FİZİKSEL TANIM
Kapsam 223 s.
Boyutlar 21 sm.
490 ## - SERİSİ TABLOSU
Seri Beyanı Süleymaniye Vakfı yayınları
Hacim / Ardışık Tanımı 02
500 ## - GENEL NOT
Genel Not Yapıt, Arapça metin içerir.
504 ## - KAYNAKÇA VB NOT
Kaynakça Vb Notu Kaynakça var.
650 ## - KONU KATMA GİRİŞ - TOPİKAL DÖNEM
Topikal Süreli Veya Coğrafi Ad Giriş Elemanı İslamiyet
Genel Alt Bölümü Akaid ve kelam
-- Tanrı
942 ## - EKLENDİ GİRİŞ ELEMANLARI (KOHA)
Sınıflandırma Veya Raf Düzeni Kaynak
Koha Öğesi Türü Kitaplar
999 ## - SİSTEM KONTROL NUMARALARI (KOHA)
Koha Biblionumber 419
Koha Biblioitemnumber 419
Mevcut
Kalıcı Konum Mevcut Konum Edinme Tarihi Edinim Kaynak Toplam Check-Out'Lar Tam Çağrı Numarası Barkod Tarih Son Görülme İtibaren Geçerli Fiyatlar Koha Öğesi Türü
CHP Kütüphanesi CHP Kütüphanesi 08/03/2016 Bağış   297.211 B29k 2012 000360 08/03/2016 08/03/2016 Kitaplar